Welcome to the Holygrace Academy Library

Please use search bar below to get started

GROUP DISCUSSION (Record no. 5421)

MARC details
000 -LEADER
fixed length control field 00411nam a22001457a 4500
020 ## - INTERNATIONAL STANDARD BOOK NUMBER
ISBN 1-223-0777-9
082 ## - DEWEY DECIMAL CLASSIFICATION NUMBER
Classification number 080
Item number GAN/G
100 ## - MAIN ENTRY--AUTHOR NAME
Personal name GANGULY, ANAND
245 ## - TITLE STATEMENT
Title GROUP DISCUSSION
Remainder of title FOR ADMISSION AND JOBS
260 ## - PUBLICATION, DISTRIBUTION, ETC. (IMPRINT)
Place of publication DELHI
Name of publisher PUSTAK MAHAL
300 ## - PHYSICAL DESCRIPTION
Number of Pages 193
520 ## - SUMMARY, ETC.
Summary, etc TIPS TO PERFORM THE BEST, BACKGROUNDERS ON 35 CURRENT TOPICS, 24 MOCK GROUP DISCUSSIONS
650 ## - SUBJECT ADDED ENTRY--TOPICAL TERM
Topical Term EDUCATIONAL
Geographic subdivision INDIA
942 ## - ADDED ENTRY ELEMENTS (KOHA)
Koha item type Books
Holdings
Withdrawn status Lost status Collection code Home library Current library Shelving location Date acquired Source of acquisition Cost, normal purchase price Full call number Accession Number Koha item type
    Reference Main Library Main Library   24/05/2004 purchase 88.00 080 GAN/G 01164 Books